000 00329 a2200157 4500
001 56590
020 _a8520918573
040 _cAnchieta - Pituba
100 _aDean, Zoey
240 1 0 _aGarotas em ação
_lpor
245 1 0 _aGarotas em ação
300 _a255
362 0 _a2006
650 4 _aLiteratura juvenil
942 _cBK
999 _c56590
_d56590